00468 2200181 4500001002100000005001500021008004100036020001800077035001900095082001000114090001600124100003800140245002200178250000600200260003500206300003100241650001400272INLIS00000000000782120241224113533241224||||||||| | ||| |||| ||  a979-526-413-3 0010-12240078210 a658.3 a658.3 HAS m0 aProf. Dr. Sondang P. Siagian, MPA00aManajemen Abad 21 a1 aJakartabpt. Bumi aksarac2004 a23x15,5 cm, xii, 228 hlm.; 0amanajemen